| 000 | 00591nam a22002057a 4500 | ||
|---|---|---|---|
| 999 |
_c6437 _d6437 |
||
| 003 | AR-CdUCM | ||
| 008 | 190315b ||||| |||| 00| 0 spa d | ||
| 040 |
_aMUNICIPALIDAD PROVINCIAL DEL CUSCO _cBIBLIOTECA MUNICIPAL DEL CUSCO |
||
| 082 |
_a869.56 / _bD67 |
||
| 100 |
_aDíaz Espinoza, Jorge _918271 |
||
| 245 | _aArribo iluminado / | ||
| 260 |
_aPisco : _bTip. Sula, _c1963. |
||
| 300 |
_a50 páginas ; _c19 cm. |
||
| 500 | _aDonación de la familia Nieto | ||
| 650 |
_aPisco _918272 |
||
| 650 |
_aPoesía peruana _9806 |
||
| 650 |
_aSiglo XX _98 |
||
| 942 |
_2ddc _cLIBROS |
||
| 945 | _araen | ||